KOHA-Header-6

Selling and sales Management (Record no. 9921)

000 -LEADER
fixed length control field 00265nam a2200121Ia 4500
020 ## - INTERNATIONAL STANDARD BOOK NUMBER
ISBN 9788131725863
082 ## - DEWEY DECIMAL CLASSIFICATION NUMBER
Classification number 658.8
100 ## - MAIN ENTRY--AUTHOR NAME
Personal name Jobber Geoffrey
245 #0 - TITLE STATEMENT
Title Selling and sales Management
260 ## - PUBLICATION, DISTRIBUTION, ETC. (IMPRINT)
Place of publication New Delhi
Name of publisher Dorling
Year of publication 2005
300 ## - PHYSICAL DESCRIPTION
Number of Pages 565
942 ## - ADDED ENTRY ELEMENTS (KOHA)
Koha item type Books
Holdings
Withdrawn status Lost status Collection code Permanent Location Current Location Shelving location Date acquired Full call number Accession Number Koha item type
    Marketing MAJU MAJU   2019-09-14 658.7 5960 Marketing

Powered by Koha